GTA Games - Statistics

General Stats
  • This quiz has been taken 3,105 times
  • The average score is 10 of 15
Answer Stats
Progatanist Answer % Correct
Trevor Phillips GTA 5
99%
Niko Bellic GTA 4
98%
Claude GTA 3
95%
Claude Speed GTA 2
91%
Tommy Vercetti GTA Vice City
91%
Carl Johnson GTA San Andreas
90%
Bubba GTA 1
86%
Toni Cipriani GTA Liberty City Stories
59%
Victor Vance GTA Vice City Stories
57%
Huang Lee GTA Chinatown Wars
53%
Luis Fernado Lopez GTA The Ballad Of Gay Tony
36%
Johnny Klebitz GTA The Lost And Damned
31%
Mike GTA Advance
28%
Charles Jones GTA London 1969
25%
Sid Vacant GTA London 1961
19%
No matching quizzes found
Score Distribution
Percent of People with Each Score
Percentile by Number Answered
Your Score History
You have not taken this quiz